00998nam a22002777a 45000010005000000030006000050050017000110080041000280200018000690400029000870820010001161000021001262450081001472500025002282600052002533000049003054900040003545050008003945200080004025210029004825210019005117000035005309420015005659990015005809520125005959924FISKH20260317093713.0260317b cb ||||| |||| 00| 0 eng d a9780462005027 aFISKHbengcFISKHdFISKH a567.9 aMarshall , Jenny aA real dinosuar /cWritten by Jenny Marshall : Illustrated by Donovan Bixley aFirst published 2008 aLondon : bMarshall Cavendish Limited , c2008. a16 pages : bcolor illustrations ; c19 cm . aMy Pals Are Here ! : Reading Stars  aH  aHenry tells his grandfather all about the dinosaur he saw and photographed.8 a400 bLexile estimate 8 aH bRaz-Plus  aBixley , DonovaneIllustrator  2ddccBKn0 c9924d9924 00102ddc40708JUVFa002b002cTTP Dark Blued2026-03-17l0oMAR 567.9p2026-0328r2026-03-17 09:37:10w2026-03-17yBK